Domácki zamestnanci

V súčasnosti pribúdajú zamestnanci, resp. činnosti, ktoré by chcel zamestnanec vykonávať doma, vo svojom byte, nazývajú sa domácki zamestnanci. Miesto výkonu práce je náležitosťou pracovnej zmluvy. Paušálne náhrady za opotrebovanie používaných vlastných strojov a náradia. Práca za účasti rodinných p...

Descripción completa

Guardado en:
Detalles Bibliográficos
Autor principal: Rybárová, Mária
Formato: Capítulo de libro
Lenguaje:eslovaco
Materias:
Etiquetas: Agregar Etiqueta
Sin Etiquetas, Sea el primero en etiquetar este registro!

MARC

LEADER 00000naa a2200000 4500
001 r033880
005 20230912110641.1
041 0 |a slo 
044 |a SK 
245 1 0 |a Domácki zamestnanci  |c Mária Rybárová 
520 |a V súčasnosti pribúdajú zamestnanci, resp. činnosti, ktoré by chcel zamestnanec vykonávať doma, vo svojom byte, nazývajú sa domácki zamestnanci. Miesto výkonu práce je náležitosťou pracovnej zmluvy. Paušálne náhrady za opotrebovanie používaných vlastných strojov a náradia. Práca za účasti rodinných príslušníkov. Pracovný čas a náhrada mzdy. 
610 2 0 |a zamestnanci domácki 
610 2 0 |a práca z domu 
610 2 0 |a zmluvy pracovné 
610 2 0 |a čas pracovný 
100 1 |a Rybárová, Mária